Estate agent (Record no. 65273)
[ view plain ]
| 000 -LEADER | |
|---|---|
| fixed length control field | 01115cam a2200217 4500 |
| 001 - CONTROL NUMBER | |
| control field | WB3645-26 |
| 008 - FIXED-LENGTH DATA ELEMENTS--GENERAL INFORMATION | |
| fixed length control field | 000000n2000 000 0 eng u |
| 035 ## - SYSTEM CONTROL NUMBER | |
| System control number | (Sirsi) u109354 |
| 245 ## - TITLE STATEMENT | |
| Title | Estate agent |
| 260 ## - PUBLICATION, DISTRIBUTION, ETC. | |
| Date of publication, distribution, etc. | 2000 |
| 490 ## - SERIES STATEMENT | |
| Series statement | Estates Gazette Case Summaries |
| Volume/sequential designation | [2000] EGCS 121 (11/11/00) |
| 520 ## - SUMMARY, ETC. | |
| Summary, etc. | Central London County Court 28 September 2000. "Lady Manor Ltd v Fat Cat Cafe Bars". Claimant estate agent sent details of a property, before it went on the general market, to the defendant. The letter stated that fees would become payable if the introduction led to a successful transaction. The defendant bought the property through the vendor's retained agent, and the claimant brought a claim to recover commission fees. The main issue was whether the claimant and defendant had an agreement that the defendant would pay claimant's commission."Held", claim dismissed. |
| 590 ## - LOCAL NOTE (RLIN) | |
| Local note | WB |
| 650 ## - SUBJECT ADDED ENTRY--TOPICAL TERM | |
| Topical term or geographic name entry element | LADY MANOR LTD V FAT CAT CAFE BARS |
| 650 ## - SUBJECT ADDED ENTRY--TOPICAL TERM | |
| Topical term or geographic name entry element | COMMISSION |
| 650 ## - SUBJECT ADDED ENTRY--TOPICAL TERM | |
| Topical term or geographic name entry element | ESTATE AGENTS |
| 650 ## - SUBJECT ADDED ENTRY--TOPICAL TERM | |
| Topical term or geographic name entry element | FEES |
| 650 ## - SUBJECT ADDED ENTRY--TOPICAL TERM | |
| Topical term or geographic name entry element | AGREEMENTS |
| 690 ## - LOCAL SUBJECT ADDED ENTRY--TOPICAL TERM (OCLC, RLIN) | |
| Topical term or geographic name as entry element | PROPERTY AND LAND LAW-CASE LAW |
| 942 ## - ADDED ENTRY ELEMENTS (KOHA) | |
| Suppress in OPAC | 0 |
| Withdrawn status | Lost status | Source of classification or shelving scheme | Damaged status | Not for loan | Home library | Current library | Shelving location | Date acquired | Total Checkouts | Full call number | Barcode | Date last seen | Copy number | Price effective from | Koha item type |
|---|---|---|---|---|---|---|---|---|---|---|---|---|---|---|---|
| Dewey Decimal Classification | London | London | News article | 15/11/2000 | WB3645-26 | 109354-1001 | 06/08/2019 | 1 | 06/08/2019 | News article |